[Event "World Junior U20 Open 2018"]
[Site "Gebze"]
[Date "2018.09.13"]
[Round "9.18"]
[White "Escalante Ramirez, Brian Sebasti"]
[Black "Kollars, Dmitrij"]
[Result "1/2-1/2"]
[WhiteElo "2436"]
[BlackElo "2536"]
[Annotator "TA"]
[PlyCount "144"]
[EventDate "2018.09.05"]
[EventType "swiss"]
[EventCountry "TUR"]
[SourceTitle "playchess.com"]
[Source "ChessBase"]
[SourceQuality "1"]

{[%evp 27,144,0,0,0,0,0,0,0,0,0,0,0,0,0,4,5,17,7,31,2,13,0,39,0,0,0,0,0,0,0,0,0,0,0,0,0,0,0,0,0,0,0,0,0,0,0,0,0,0,0,0,-8,0,0,0,0,0,-8,-8,-8,-8,-8,-8,-8,-8,-8,-8,-8,-8,-8,-8,-8,-8,-8,-8,-8,-8,-8,0,-8,-8,-8,-8,-8,-8,-8,-8,-8,-8,-8,-8,-8,-8,-8,0,0,0,-8,0,0,0,0,0,0,0,0,0,0,0,0,0,0,0,0,0,0,0,0,0]} 1. e4 c5 2. Nf3 e6 3. d4 cxd4 4. Nxd4 Nc6 5. Nc3 Qc7 6. Be3 a6 7. Be2 Nf6 8. O-O Be7 9. f4 d6 10. a4 O-O 11. Kh1 Re8 12. Bg1 Rb8 13. Qd3 {B85: Sicilian Scheveningen: 6 Be2 a6, lines with early Be3} e5 14. fxe5 dxe5 {LiveBook: 10 Games} 15. Qg3 Bd8 (15... Kh8 16. Rad1 Nxd4 17. Bxd4 Bb4 18. Rxf6 Bxc3 19. Bb6 Qe7 20. Rfd6 Bxb2 {½-½ (40) Movsesian,S (2673)-Navara,D (2725) Prague 2016}) 16. Nb3 Nd4 17. Nxd4 exd4 18. Qxc7 Bxc7 19. Bxd4 Nxe4 20. Rae1 {Hoping for Bc4.} Bd7 $146 ({Predecessor:} 20... Nxc3 21. Bxc3 {½-½ (28) Kuzmin,A (2355)-Khenkin,I Moscow (Russia) 1985}) 21. Bc4 Nd6 22. Bb3 Nf5 {Threatens to win with ...Rxe1.} 23. Ba7 Rbd8 24. Nd5 Bd6 25. Bb6 Rxe1 {The position is equal.} 26. Rxe1 Re8 27. Rxe8+ Bxe8 28. Ne3 Nxe3 29. Bxe3 $11 {[%mdl 4096] Endgame KBB-KBB} Bc6 30. Kg1 h6 31. g3 g5 32. c3 Be4 33. Bd4 Kf8 34. Kf2 f5 35. Bd1 g4 36. a5 Kf7 37. b4 h5 {[%cal Bh6h5,Bh5h4][%mdl 32]} 38. Bb3+ Kg6 39. Ba4 h4 40. Bc5 Bxc5+ (40... Be5 {looks sharper.} 41. Bd4 Bb8 42. Be3 Bd5 43. Bd7 Be5) 41. bxc5 {KB-KB} Bc6 42. Bb3 {[#]} f4 $1 {[%mdl 512]} 43. Be6 (43. gxf4 Kf5) 43... Kg5 44. Bc8 Bf3 45. Bd7 fxg3+ 46. hxg3 h3 {aiming for ...h2.} 47. Kg1 Kf6 48. Bc8 Ke7 {[#] And now ...Kd8 would win.} 49. c6 $1 {[%mdl 512]} bxc6 50. Bxa6 Kd6 51. Kh2 Kd7 52. Kg1 Bd5 53. Kh2 (53. c4 $5 {[%cal Rc4d5]} Be4 54. c5 $11) 53... Kc7 54. Kg1 Be6 55. Kh2 Kb8 56. Kg1 Ka7 57. Be2 c5 58. Bb5 $1 Bf5 59. Kh2 Bc8 {White should prevent ...Ba6.} 60. Be2 Kb7 61. Bc4 Ka7 62. Be2 $1 Be6 63. Bb5 Kb7 64. Kg1 Kc7 65. Kh2 Kd6 66. Kg1 c4 67. Kh2 Kc5 68. Ba6 Bd5 69. Kg1 Kd6 70. Kh2 Kc5 71. Kg1 Kd6 72. Kh2 Kc5 {Precision: White = 83%, Black = 75%.} 1/2-1/2

[Event "World Junior U20 Open 2018"]
[Site "Gebze"]
[Date "2018.09.13"]
[Round "9.19"]
[White "Santos Ruiz, Miguel"]
[Black "Muradli, Mahammad"]
[Result "1-0"]
[WhiteElo "2524"]
[BlackElo "2407"]
[Annotator "TA"]
[PlyCount "81"]
[EventDate "2018.09.05"]
[EventType "swiss"]
[EventCountry "TUR"]
[SourceTitle "playchess.com"]
[Source "ChessBase"]
[SourceQuality "1"]

{[%evp 13,81,36,26,5,5,6,17,17,116,67,68,69,78,79,73,60,76,72,85,87,104,100,87,39,52,28,74,81,78,60,69,65,67,64,77,76,70,75,83,77,77,72,76,73,74,60,63,54,62,55,81,18,57,57,57,49,54,52,56,39,280,282,295,299,368,353,350,222,567,568]} 1. e4 c5 2. Nf3 d6 3. d4 cxd4 4. Nxd4 Nf6 5. Nc3 a6 6. Be3 e5 7. Nb3 Be7 {LiveBook: 1655 Games} 8. Rg1 {B90: Sicilian Najdorf: Unusual White 6th moves, 6 Be3 Ng4 and 6 Be3 e5} (8. f3 h5 9. Qd2 Be6 10. f4 Qc7 11. f5 Bc4 12. Bg5 Nbd7 13. O-O-O Rc8 14. Bxc4 Qxc4 15. Kb1 h4 16. Qe1 Rh5 17. Bxh4 Nxe4 18. Nxe4 Rxh4 {1-0 (50) Wang,H (2710)-Zhao,J (2611) Tianjin 2018}) 8... Be6 9. g4 h6 (9... d5 $5 {[%cal Rd5d4]} 10. g5 Nxe4 11. Nxe4 dxe4 $11) 10. Qf3 {The position is equal.} d5 $146 (10... Nbd7 $11 {remains equal.}) ({Predecessor:} 10... Qc8 11. h3 Nc6 12. O-O-O Nb4 13. Kb1 d5 14. exd5 Nfxd5 15. Bd2 f6 {½-½ (60) Au Cardero,R (2307)-Le Beuffe,E ICCF email 2007}) 11. exd5 Bxd5 12. Nxd5 Qxd5 13. Bg2 e4 14. Qf5 Nbd7 15. Nd2 {[%cal Rg2e4]} Qxf5 16. gxf5 Nc5 17. Bh1 Rg8 18. Rg3 O-O-O 19. O-O-O Rd7 20. Rdg1 Nd5 21. Bxc5 Bxc5 22. Nxe4 ({Not} 22. Bxe4 Nf4 $17) 22... Bd4 23. Rd1 Nf4 24. Kb1 Rgd8 25. c3 Be5 26. Rxd7 Rxd7 27. Kc2 b6 28. Nd2 Kc7 29. Re3 Re7 30. Re4 b5 31. a4 Bd6 32. Rd4 (32. a5 $16) 32... Re2 33. axb5 axb5 34. Kd1 $1 Be5 35. Rb4 Rxf2 36. Rxb5 {[#] Hoping for Rc5+.} Nd3 $2 (36... Bd6 $14) 37. Be4 $18 Bf4 {[%csl Gf4][%cal Rf2d2]} 38. Nc4 Nc1 39. Rb7+ Kd8 40. Rxf7 {[#] Threatens to win with Bc6.} Nb3 $2 (40... Rf1+ {is tougher.} 41. Kc2 Rf2+ 42. Kb1 Nb3 43. Rxg7 Bxh2) 41. Bc6 {Precision: White = 69%, Black = 47%.} 1-0

[Event "World Junior U20 Open 2018"]
[Site "Gebze"]
[Date "2018.09.13"]
[Round "9.20"]
[White "Yakubboev, Nodirbek"]
[Black "Gokerkan, Cem Kaan"]
[Result "1/2-1/2"]
[WhiteElo "2521"]
[BlackElo "2416"]
[Annotator "TA"]
[PlyCount "155"]
[EventDate "2018.09.05"]
[EventType "swiss"]
[EventCountry "TUR"]
[SourceTitle "playchess.com"]
[Source "ChessBase"]
[SourceQuality "1"]

{[%evp 20,155,25,2,18,18,23,25,15,28,58,21,31,35,48,35,46,49,65,57,63,58,84,66,93,67,64,26,78,66,62,57,95,94,122,120,120,122,142,182,189,222,214,181,159,185,185,178,178,175,179,180,190,8,11,35,33,33,45,54,44,0,0,0,0,0,10,16,14,10,12,0,0,0,0,0,0,0,0,0,10,0,0,0,0,0,0,0,0,0,0,0,0,0,0,0,0,0,0,0,0,0,0,0,0,0,0,0,0,0,0,0,0,0,0,0,0,0,0,0,0,0,0,0,0,0,0,0,0,0,0,0,0,0,0,0,0,0]} 1. Nf3 Nf6 2. c4 e6 3. g3 d5 4. Bg2 Be7 5. d4 O-O 6. O-O dxc4 7. Ne5 Nc6 8. Bxc6 bxc6 9. Nxc6 Qe8 10. Nxe7+ Qxe7 11. Nc3 {LiveBook: 3 Games. E05: Open Catalan: 5 Nf3 Be7} c5 12. dxc5 Qxc5 13. Be3 {White has an edge.} Qh5 14. f3 {[#]} e5 $146 ({Predecessor:} 14... Bb7 15. Qd4 Nd5 16. Nxd5 Qxd5 17. Rfd1 Rfd8 18. Rac1 Qxd4 19. Bxd4 {½-½ (35) Lysyj,I (2643)-Jakovenko,D (2704) Khanty-Mansiysk 2016}) 15. Qd6 Bh3 16. Rfd1 {[%cal Bf1d1,Bd1d2,Bd2d6][%mdl 32]} Be6 17. Rd2 h6 18. Rad1 a6 19. Qc5 Rfc8 20. Qa5 $1 Kh7 21. Rd6 Re8 22. a4 ({Of course not} 22. Rxa6 $6 Rxa6 23. Qxa6 e4 $11) 22... Qf5 23. Bf2 Bc8 (23... Rab8 $11) 24. R1d2 Rb8 25. Qc7 Be6 26. Rxa6 Rbc8 27. Qa5 h5 28. Rad6 $36 {[%mdl 2048] White is in control.} h4 29. g4 Nxg4 30. fxg4 Qxg4+ 31. Kf1 Qh3+ {[#]} 32. Ke1 $1 Qxh2 {( -> ...Qh1+)} 33. Qb6 f5 34. Bg1 Qh1 35. Qf2 f4 36. Qh2 $2 ({Better is} 36. Kd1 $18) 36... Qxh2 $11 37. Bxh2 {Strongly threatening Bg1.} g5 38. e3 {Black must now prevent Ne4.} g4 $1 {[%cal Rg4g3]} 39. exf4 g3 40. fxe5 Rc5 {The position is equal.} 41. R6d4 Rxe5+ 42. Re2 Rxe2+ 43. Nxe2 gxh2 44. Rxh4+ {[%mdl 4096] Endgame KRB-KRN} Kg6 45. Kd2 Rd8+ 46. Kc2 Bf5+ 47. Kc1 $1 Bd7 48. Nc3 Ra8 49. Rxh2 Bxa4 50. Nxa4 (50. Rf2 {is interesting.} Bb3 51. Kd2 Rd8+ 52. Ke3 Kg5 53. Ne4+) 50... Rxa4 {KR-KR} 51. Rf2 Rb4 52. Kc2 Rb3 53. Rf4 Rb4 54. Rf3 Kg7 55. Rf1 Kg6 56. Rf4 (56. Rf8 {feels hotter.} Kg5 57. Rf2 Rb3 58. Rf7 Rb4 59. Rf8) 56... Kg7 57. Rf3 Kg6 58. Ra3 Kf6 59. Kc3 $1 {[%cal Rc3b4]} Rb8 60. Ra4 Rb3+ 61. Kc2 Ke5 62. Rxc4 Rh3 63. Rc3 (63. Rc8 {looks sharper.} Kd5 64. b3 Rh2+ 65. Kc1 Rh1+ 66. Kb2) 63... Rh2+ 64. Kb3 Kd5 65. Ka3 $1 Rh8 66. b4 $1 {[%cal Rb4b5]} Ra8+ 67. Kb3 {[#] And now b5 would win.} Rb8 68. Rc2 Kd6 69. Rc5 Ra8 70. Kc4 Rh8 71. Kb3 Ra8 72. Kc3 Rb8 73. Kc4 {Threatens to win with b5.} Rh8 74. Kb3 Ra8 75. Rc1 Rb8 76. Rc4 Kd5 77. Rc2 Kd6 78. Rc5 {Precision: White = 67%, Black = 75%.} 1/2-1/2

[Event "World Junior U20 Open 2018"]
[Site "Gebze"]
[Date "2018.09.13"]
[Round "9.21"]
[White "Lorparizangeneh, Shahin"]
[Black "Percivaldi, Martin"]
[Result "1/2-1/2"]
[WhiteElo "2491"]
[BlackElo "2376"]
[Annotator "TA"]
[PlyCount "72"]
[EventDate "2018.09.05"]
[EventType "swiss"]
[EventCountry "TUR"]
[SourceTitle "playchess.com"]
[Source "ChessBase"]
[SourceQuality "1"]

{[%evp 14,72,21,27,23,25,25,31,35,33,34,33,68,68,75,60,68,73,83,79,82,52,58,53,51,53,44,53,53,37,52,0,0,0,0,0,33,39,36,41,45,34,33,12,12,19,20,3,47,6,10,8,15,3,3,2,2,2,2,2,2]} 1. Nf3 e6 2. g3 b5 3. Bg2 Bb7 4. O-O Nf6 5. d3 Be7 6. e4 d6 7. Nd4 {A05: Réti Opening: 1 Nf3 Nf6} a6 8. Nb3 {LiveBook: 5 Games} c6 $146 ({Predecessor:} 8... c5 9. e5 Bxg2 10. exf6 Bxf1 11. fxe7 Qxe7 12. Qxf1 Nc6 13. Be3 O-O 14. Nc3 f5 {1-0 (39) Aronian,L (2801)-Ipatov,A (2630) Antalya 2013}) 9. a4 {White has an edge.} b4 10. d4 d5 11. N1d2 O-O 12. Re1 Nbd7 13. e5 Ne8 14. c4 bxc3 15. bxc3 c5 16. c4 Rb8 17. cxd5 Bxd5 18. Bxd5 exd5 19. dxc5 Nxc5 20. Nd4 {Nc6 is the strong threat.} Qd7 21. Ba3 {[#] Hoping for Qc2.} Nc7 22. Rc1 (22. N2f3 $14) 22... Nd3 $11 23. Bxe7 Qxe7 24. Nc6 Qe8 25. Nxb8 Nxc1 26. Qxc1 Qxb8 27. Qc6 Qb4 28. Rd1 Ne6 29. Qxa6 Qd4 30. a5 Qxe5 31. Nf3 Qc3 {The position is equal.} 32. Kg2 d4 $1 33. Qb6 {[%cal Rf3d4]} Ra8 34. a6 {[%cal Rf3d4]} Qa3 35. Nxd4 Qxa6 36. Qxa6 Rxa6 {Precision: White = 77%, Black = 79%.} 1/2-1/2

[Event "World Junior U20 Open 2018"]
[Site "Gebze"]
[Date "2018.09.13"]
[Round "9.22"]
[White "Sadikhov, Ulvi"]
[Black "Nikitenko, Mihail"]
[Result "0-1"]
[WhiteElo "2491"]
[BlackElo "2368"]
[Annotator "TA"]
[PlyCount "58"]
[EventDate "2018.09.05"]
[EventType "swiss"]
[EventCountry "TUR"]
[SourceTitle "playchess.com"]
[Source "ChessBase"]
[SourceQuality "1"]

{[%evp 14,58,35,21,40,38,43,48,115,112,146,106,108,106,105,115,183,0,67,70,71,71,93,72,73,56,56,0,0,0,0,-196,-201,-291,-304,-305,-231,-468,-493,-606,-515,-569,-524,-904,-897,-1875,-1679]} 1. e4 e5 2. Nf3 Nc6 3. Bb5 a6 4. Ba4 Nf6 5. Nc3 d6 6. Bxc6+ bxc6 7. d4 exd4 8. Nxd4 c5 {C77: Ruy Lopez: 3...a6 4 Ba4 Nf6, unusual lines} 9. Nc6 (9. Nf3 Be7 10. e5 dxe5 11. Qxd8+ Bxd8 12. Nxe5 Bf5 13. Be3 Bxc2 14. Bxc5 Nd7 15. Nxd7 Kxd7 16. O-O {½-½ (44) Fontaine,R (2567)-Dervishi,E (2553) Palermo 2007}) 9... Qd7 10. Na5 g6 (10... Qg4 $14 11. O-O Be7) 11. Qf3 $1 $16 Ng4 {[#]} 12. h3 $146 {[%cal Rh3g4]} ({Predecessor:} 12. e5 Rb8 13. Nd5 Bg7 14. exd6 O-O 15. O-O cxd6 16. Nc6 {0-1 (55) Smolovic,M (2350)-Miguel Lago,V (2290) Leon 1996}) 12... Ne5 13. Qf6 Rg8 14. Qh4 f5 (14... h6 $16 {was called for.}) 15. f4 $2 (15. Nd5 $18 {Strongly threatening Nf6+.} Bg7 16. f4) 15... Nf7 (15... Nc6 $1 $11 16. Nd5 Be7 17. Qxh7 Rg7 18. Qh8+ Kf7 19. Nxc6 Qxc6) 16. Qxh7 Rg7 17. Qh4 Be7 18. Qf2 fxe4 19. O-O d5 {[#]} 20. Rd1 (20. b4 $1 $14 {[%mdl 512]}) 20... c6 $36 {[%mdl 2048] White is under pressure.} 21. Nb3 Qf5 22. Nxc5 $2 (22. Ne2 $11 {and White has nothing to worry.}) 22... g5 $19 23. Nb3 (23. Re1 $142 gxf4 24. N5xe4) 23... gxf4 24. Bxf4 Ng5 {White must now prevent ...Nxh3+.} ({Much less strong is} 24... Qxh3 25. Ne2 $17) 25. Bxg5 $2 (25. Bg3 {was forced.} Nxh3+ 26. gxh3 Qxh3 27. Ne2) 25... Qxg5 {Black is clearly winning.} 26. Ne2 Bd6 {Hoping for ...Bxh3.} 27. Kh1 Qe5 {[%csl Gd6][%cal Re5h2]} 28. g3 Bxh3 29. Qd4 {[#]} Qh5 $1 {[%mdl 512] Precision: White = 36%, Black = 59%.} 0-1

[Event "World Junior U20 Open 2018"]
[Site "Gebze"]
[Date "2018.09.13"]
[Round "9.23"]
[White "Tang, Andrew"]
[Black "Lee, Jun Hyeok"]
[Result "0-1"]
[WhiteElo "2489"]
[BlackElo "2263"]
[Annotator "TA"]
[PlyCount "130"]
[EventDate "2018.09.05"]
[EventType "swiss"]
[EventCountry "TUR"]
[SourceTitle "playchess.com"]
[Source "ChessBase"]
[SourceQuality "1"]

{[%evp 11,130,45,34,11,27,9,22,13,59,0,46,0,48,47,44,17,16,-2,8,-17,0,-40,-43,-49,-52,-66,-58,-99,-38,-64,-59,-110,-59,-59,-59,-60,-59,-141,-138,-145,-129,-169,-153,-169,-162,-160,-160,-181,-174,-177,-122,-170,-105,-105,-105,-122,-122,-133,-131,-133,-105,-122,-110,-123,-108,-122,0,-122,0,-122,0,-122,-101,-98,-67,-107,-89,-113,-106,-106,-106,-106,-87,-134,-111,-98,-133,-570,-568,-547,-541,-418,-399,-393,-386,-397,-380,-717,-585,-1086,-1075,-909,-251,-2548,-592,-2301,-580,-547,-94,-1993,-1689,-6883,-12851,-6818,-5617,-2123,-2046,-29982,-29978,-29976,-29968]} 1. d4 g6 2. c4 Bg7 3. Nc3 d6 4. e4 e5 5. d5 a5 6. Bd3 Na6 {LiveBook: 29 Games. A42: Modern Defence: Averbakh Variation} 7. Nf3 (7. Nge2 Nc5 8. O-O h5 9. Bc2 h4 10. a3 h3 11. g3 f5 12. f4 Nh6 13. fxe5 Bxe5 14. Bxh6 Rxh6 {1-0 (33) Krush,I (2422)-Shtembuliak,E (2517) Philadelphia 2018}) 7... f5 8. exf5 $146 ({Predecessor:} 8. Qe2 Nf6 9. Bg5 O-O 10. h4 Qe8 11. Bxf6 Bxf6 12. Nd2 Nc5 13. Bc2 c6 {0-1 (53) Furjan,A (2012)-Nemec,V (2172) Croatia 2015}) 8... gxf5 {The position is equal.} 9. Bc2 Qf6 10. Bg5 Qf7 11. Be3 Nh6 12. Ng5 Qf6 13. h3 (13. Ba4+ {seems wilder.} Kf8 14. O-O Ng4 15. Bd2 h6 16. Nh3) 13... Nf7 14. Nxf7 (14. Ba4+ {keeps more tension.} Kf8 15. Nxf7 Qxf7 16. O-O f4 17. Bc2) 14... Qxf7 15. f4 Bd7 16. O-O e4 17. Qd2 Rg8 18. Rae1 Bf6 19. Bd4 Nc5 (19... O-O-O $17) 20. a3 a4 21. Kh1 (21. Kh2 $15) 21... Qg7 (21... h5 $17) 22. Bxf6 $15 Qxf6 23. Re3 h5 24. Qd1 (24. g3 $1 $15) 24... h4 $1 $17 ({Reject} 24... Qg6 25. g3 $15) 25. Rf2 Ke7 26. Rfe2 Rg7 27. Rd2 Qh6 28. Rf2 Rag8 29. Qd4 Qf6 30. Qd2 Rg3 (30... Be8 $19 31. Bxe4 fxe4 32. Nxe4 Nxe4 33. Rxe4+ Kd8) 31. Rfe2 Qh6 (31... R3g6 $19 32. Qe1 Kd8) 32. Rxg3 Rxg3 33. Re1 Qf6 34. Ne2 Rg8 ({Worse is} 34... Qxb2 35. Nxg3 hxg3 36. Re3 $14) 35. Nc3 Kf7 36. Qd1 Qh6 37. Rf1 Rg3 38. Ne2 Rg8 {Threatens to win with ...Qg7.} 39. Nc3 $1 Qf6 (39... Ke7 $17 40. Qd2 Kd8) 40. Qd2 (40. Re1 $1 $11) 40... Ke7 41. Re1 $1 Qh6 42. Qf2 Rb8 43. Qf1 Kf7 44. Rd1 Rg8 45. Qf2 Qg7 46. Qf1 Kf8 47. Re1 Be8 {[%cal Bd7e8,Be8h5,Bh5f3][%mdl 32]} 48. Qf2 Qg3 49. Kg1 $2 {[%mdl 8192]} (49. Qxg3 $17 Rxg3 50. Kg1) 49... Qxh3 $1 $19 50. Nd1 {White hopes to continue with Re3.} Bh5 51. Ne3 Bf3 52. Rf1 Kf7 53. Qd2 Qg3 54. Rf2 $2 (54. Kh1 Qh3+ 55. Kg1) 54... Qxf4 55. Kf1 {[#]} h3 $1 56. gxf3 (56. gxh3 Qg3) 56... Qg3 $2 {[#]} (56... exf3 57. Bxf5 Rg2 $1 {[%mdl 512]} 58. Bxh3 Ne4 59. Nxg2 Nxd2+ 60. Kg1 Qd4) 57. Nxf5 $2 (57. Ng4 $1 {[%mdl 512]} fxg4 58. fxe4+ Ke8 59. e5 $1 {[%mdl 512]}) 57... Qg1+ 58. Ke2 {aiming for Qf4.} Rg2 (58... exf3+ $142 59. Ke3 h2) 59. Nh6+ {[#]} Ke7 $2 (59... Ke8 $1 $19 {has better winning chances.} 60. Ng4 {[#]} Nd3 $1 {[%mdl 512]} 61. Bxd3 h2 62. Nf6+ Kd8) 60. Qe3 $2 {[%mdl 8192]} (60. Rxg2 $17 Qxg2+ 61. Kd1) 60... h2 61. Ng4 Rxg4 ({Inferior is} 61... h1=Q 62. Qg5+ Kf7 63. Qf5+ Ke8 64. Qg6+ Kf8 65. Qf6+ Kg8 66. Qg5+ Kh7 67. Qe7+ Kg6 68. Qf6+ Kh7 69. Qf7+ Kh8 70. Qf8+ Kh7 71. Bxe4+ Nxe4 72. Qf7+ Kh8 73. Qe8+ Kg7 74. Qe7+ Kg8 75. Qe8+ Kh7 76. Qxe4+ Kg8 77. Qe8+ Kh7 78. Qf7+ Kh8 79. Qe8+ Kh7 80. Qf7+ Kh8 81. Qe8+ Kh7 $11) 62. fxg4 Qxg4+ 63. Kd2 h1=Q {( -> ...Nd3!)} 64. Qd4 Qh6+ 65. Kc3 Qhg7 {Precision: White = 21%, Black = 44%.} 0-1

[Event "World Junior U20 Open 2018"]
[Site "Gebze"]
[Date "2018.09.13"]
[Round "9.24"]
[White "Can, Isik"]
[Black "Repka, Christopher"]
[Result "1/2-1/2"]
[WhiteElo "2361"]
[BlackElo "2523"]
[Annotator "TA"]
[PlyCount "65"]
[EventDate "2018.09.05"]
[EventType "swiss"]
[EventCountry "TUR"]
[SourceTitle "playchess.com"]
[Source "ChessBase"]
[SourceQuality "1"]

{[%evp 17,65,25,19,25,44,0,6,17,33,33,77,34,38,-37,20,23,25,18,88,56,98,98,94,89,94,98,97,0,0,0,0,0,0,0,0,0,0,0,0,0,3,-8,-8,-8,-8,-8,-8,-8,-11,-9]} 1. e4 e5 2. Nf3 Nc6 3. Bb5 a6 4. Bxc6 dxc6 5. O-O Bg4 6. h3 Bh5 7. g4 Bg6 {C68: Ruy Lopez: Exchange Variation, sidelines} 8. Nxe5 f6 (8... Qh4 9. Qf3 f6 10. Nxg6 hxg6 11. Kg2 g5 12. d3 Ne7 13. Rh1 Qh7 14. Kf1 O-O-O 15. Be3 Kb8 16. Nd2 Qg8 {1-0 (49) So,W (2650)-Kolev,A (2604) Philadelphia 2012}) 9. Nxg6 hxg6 {LiveBook: 4 Games. White has an edge.} 10. Qf3 Qd7 11. d3 O-O-O 12. Nd2 $146 ({Predecessor:} 12. Kg2 Bd6 13. Nc3 Ne7 14. Bf4 Bxf4 15. Qxf4 {½-½ (66) Struch,T (2149)-Hansen,T (2423) Helsingor 2008}) 12... g5 13. e5 Nh6 14. Re1 {[%cal Bf1e1,Be1e4,Be4f4][%mdl 32]} Re8 15. Nc4 (15. Re4 $14) 15... f5 ({Black should try} 15... Nf7 $1 $15) 16. Bxg5 $11 fxg4 17. hxg4 Nxg4 (17... Bc5 $1 $11) 18. Re4 $16 Nh2 {[#]} 19. Qg2 $1 {Threatens to win with Ne3.} Qf5 20. Rf4 Qe6 21. Re1 Rh5 22. Bh4 ({Better is} 22. Nd2 $16) 22... g5 $11 {The position is equal.} 23. Rfe4 $1 {[#] Strongly threatening Nd6+!} ({But not} 23. Bxg5 Rxg5 24. Qxg5 Bh6 $17) 23... Rxh4 24. Rxh4 gxh4 25. Kxh2 b5 26. Nd2 {Hoping for Qh3.} Bh6 27. Nb3 {Re4 is the strong threat.} Bf4+ 28. Kh1 Rg8 $1 $132 {[%cal Rg8g2][%mdl 2048] Black is not keeping still} 29. Nd4 Rxg2 {[%cal Re6h3]} 30. Nxe6 Rxf2 {aiming for ...Bg3.} 31. Nxf4 Rxf4 32. e6 {[%cal Be5e6,Be6e7][%mdl 32] And now e7 would win.} Kd8 {White must now prevent ...Rf2.} 33. e7+ {Precision: White = 66%, Black = 63%.} 1/2-1/2

[Event "World Junior U20 Open 2018"]
[Site "Gebze"]
[Date "2018.09.13"]
[Round "9.25"]
[White "Martinez Alcantara, Jose Eduardo"]
[Black "Philippe, Guillaume"]
[Result "1-0"]
[WhiteElo "2565"]
[BlackElo "2358"]
[Annotator "TA"]
[PlyCount "71"]
[EventDate "2018.09.05"]
[EventType "swiss"]
[EventCountry "TUR"]
[SourceTitle "playchess.com"]
[Source "ChessBase"]
[SourceQuality "1"]

{[%evp 26,71,45,43,59,48,28,20,25,31,33,29,12,22,223,220,211,50,31,43,52,43,98,33,33,33,133,124,183,173,172,158,170,129,170,138,201,115,111,120,112,115,134,124,983,979,972,966]} 1. e4 c5 2. Nf3 e6 3. d4 cxd4 4. Nxd4 a6 5. Bd3 Nf6 6. O-O Qc7 7. Qe2 d6 8. f4 Nbd7 9. Kh1 Be7 10. c4 b6 11. Nf3 Bb7 12. Nc3 O-O 13. Bd2 Rfd8 14. Rae1 {LiveBook: 10 Games} Rac8 {B42: Sicilian: Kan Variation: 5 Bd3} (14... Nf8 15. Ng5 h6 16. Nxf7 Kxf7 17. e5 Ne8 18. f5 exf5 19. Bxf5 dxe5 20. Bxh6 Bf6 21. Bxg7 Nxg7 22. Ne4 Bxe4 23. Bxe4 {0-1 (43) Shaposhnikov,E (2538)-Bryzgalin,K (2473) Internet 2006}) 15. e5 Ng4 $146 ({Predecessor:} 15... Ne8 16. Ne4 Nc5 17. Nxc5 bxc5 18. f5 dxe5 19. fxe6 fxe6 20. Nxe5 Nf6 21. Bc3 Bd6 22. Rxf6 gxf6 {0-1 (34) Lederle,V (2226)-Mertens,H (2355) Bonn 2011}) 16. h3 Nh6 {The position is equal.} 17. f5 $1 {[%cal Rf5e6]} Nxf5 18. Bxf5 exf5 19. e6 Nf8 $2 (19... Ne5 $1 $11 {and Black has nothing to worry.} 20. exf7+ Kxf7) 20. exf7+ $18 Kxf7 21. Nd5 $2 (21. Nd4 $18 Bf6 22. Nxf5 (22. Ne6 Nxe6 23. Qxe6+ Kf8 $14)) 21... Bxd5 $1 $14 22. cxd5 {Hoping for Nd4.} Bf6 23. Bg5 Qc4 (23... Re8 $14 24. Qxa6 Bxg5 25. Nxg5+ Kg8) 24. Qe3 (24. Qd2 $16) 24... Re8 $1 {[%cal Re8e3]} 25. Qxb6 {aiming for Bxf6.} Qxd5 {[#]} ({Black should try} 25... Kg8 $1 $14) 26. Qa7+ $1 $16 ({And not} 26. Qxa6 Bxb2 27. Rd1 Qc6 $11) 26... Kg6 (26... Kg8 $16) 27. Bxf6 $18 Kxf6 {[#]} 28. Rd1 $1 {[%cal Rd1d5]} Qc5 29. Qxa6 Rc6 30. Qa4 {Threatens to win with Nd4.} Re4 (30... g6 $16 31. b4 Qc4) 31. Nd4 (31. Rd4 $18 Re3 32. b4) 31... Rc8 $16 32. Qa6 g6 33. Nb3 $36 {[%mdl 2048] White is really pushing.} Qc4 34. Qxd6+ Qe6 $2 {[%mdl 8192]} (34... Re6 $16 35. Qg3 Qc7) 35. Nc5 $18 Qxd6 36. Nxe4+ {Precision: White = 68%, Black = 37%.} 1-0

[Event "World Junior U20 Open 2018"]
[Site "Gebze"]
[Date "2018.09.13"]
[Round "9.26"]
[White "Jarmula, Lukasz"]
[Black "Schitco, Ivan"]
[Result "1/2-1/2"]
[WhiteElo "2504"]
[BlackElo "2358"]
[Annotator "TA"]
[PlyCount "83"]
[EventDate "2018.09.05"]
[EventType "swiss"]
[EventCountry "TUR"]
[SourceTitle "playchess.com"]
[Source "ChessBase"]
[SourceQuality "1"]

{[%evp 21,83,41,37,33,41,27,33,29,59,44,44,40,33,-7,0,-17,-11,-6,0,-20,-14,-17,-18,-19,-16,-14,-11,-13,-14,-25,0,0,0,0,0,0,0,0,73,0,0,0,0,0,0,0,0,0,0,0,0,0,0,0,0,0,0,0,0,0,0,0,0,0]} 1. e4 c6 2. Nc3 d5 3. Nf3 Bg4 4. h3 Bxf3 5. Qxf3 e6 6. d4 Nf6 7. Bd3 dxe4 8. Nxe4 Nxe4 {B11: Caro-Kann: Two Knights Variation} (8... Nbd7 9. c3 Nxe4 10. Qxe4 Nf6 11. Qf3 Qd5 12. Qxd5 exd5 13. O-O O-O-O 14. Re1 Re8 15. Bf4 Kd8 16. g4 h6 17. Kg2 Rxe1 18. Rxe1 Ne8 19. h4 {1-0 (61) Bacrot,E (2722)-Fontaine,R (2563) chess.com INT 2018}) 9. Bxe4 Nd7 10. c3 Nf6 11. Bc2 Qd5 {LiveBook: 5 Games} 12. Qxd5 cxd5 13. Ba4+ $146 ({Predecessor:} 13. O-O Bd6 14. Bd2 a6 {½-½ (47) Witkowski,S-Opocensky,K Budapest 1954}) 13... Nd7 14. Bf4 O-O-O 15. Bb5 Nf6 16. O-O Bd6 17. Be5 (17. Be3 {keeps more tension.} Rdg8 18. Bd3 g5 19. g3 Kd8 20. Rae1) 17... a6 18. Ba4 Bxe5 19. dxe5 Nd7 20. Rfe1 Kc7 21. Rad1 b5 22. Bc2 h6 23. Rd4 Nb6 24. a4 bxa4 25. Bxa4 Nc4 26. b3 Nb6 27. Re3 Rhf8 28. Rg3 g6 29. Rf3 h5 {[#]} (29... Rb8 $11 {keeps the balance.}) 30. Rf6 (30. Rdf4 $1 $16) 30... Nd7 {The position is equal.} 31. Bxd7 $1 Kxd7 $11 {[%mdl 4096] Endgame KRR-KRR} 32. Kf1 Ke7 33. Ra4 Ra8 34. Ke2 Ra7 35. Raf4 Rb7 36. b4 Rb5 37. Kd3 a5 38. bxa5 Rxa5 39. h4 Ra1 40. Rb4 Ra7 41. Rbf4 Ra1 42. Rb4 {Precision: White = 68%, Black = 84%.} 1/2-1/2